عرض عادي عرض مارك
  • Chest

مدخل مصطلح موضوعي

عدد التسجيلات المستخدمة في: 1

001 - رقم الضبط

  • حقل الضبط: 11120

003 - معرف رقم الضبط

  • حقل الضبط: OSt

005 - تاريخ ووقت أخر عملية

  • حقل الضبط: 20120417031849.0

008 - عناصر بيانات ثابتة الطول

  • حقل تحكم ثابت الطول: 120417|||a|||||| | ||| d

040 ## - مصدر الفهرسة

  • هيئة الفهرسة الأصلية: OSt
  • وكالة الكتابة: OSt

150 ## - مدخل-- مصطلح تاريخي

  • عنصر مدخل المصطلح الموضوعي او الاسم الجغرافي: Chest
  • تفريع عام: Radiography
  • تفريع شكلي: Textbooks.

670 ## - بيانات المصدر موجوده

  • الاستشهاد بالمصدر: Work cat.: (OSt)23516: Lange, Sebastian. 11119, Radiology of chest diseases /, c2007.